Kỹ thuật truyền tin số và truyền dữ liệu

Gespeichert in:
Bibliographische Detailangaben
1. Verfasser: Thái, Hồng Nhị
Format: Buch
Sprache:Undetermined
Veröffentlicht: Hà Nội Giáo dục 2005
Schlagworte:
Tags: Tag hinzufügen
Keine Tags, Fügen Sie den ersten Tag hinzu!
Thư viện lưu trữ: Trung tâm Học liệu Trường Đại học Cần Thơ
LEADER 00629nam a2200193Ia 4500
001 CTU_100931
008 210402s9999 xx 000 0 und d
020 |c 33500 
082 |a 621.382 
082 |b Nh300 
100 |a Thái, Hồng Nhị 
245 0 |a Kỹ thuật truyền tin số và truyền dữ liệu 
245 0 |c Thái Hồng Nhị, Phạm Minh Việt 
260 |a Hà Nội 
260 |b Giáo dục 
260 |c 2005 
650 |a Communication in engineering,Information storage and retrieval systems 
904 |i Tuyến 
980 |a Trung tâm Học liệu Trường Đại học Cần Thơ